Every VCT International Attendee - Statistics

General Stats
  • This quiz has been taken 509 times
    322 since last reset
  • The average score is 596 of 936
Answer Stats
Event Team Player % Correct
Masters Berlin Sentinels TenZ
97%
Champions 2024 Sentinels TenZ
97%
LOCK//IN Sentinels TenZ
96%
Masters Madrid Sentinels TenZ
96%
Masters Reykjavík 2021 FNATIC Boaster
95%
Champions 2021 FNATIC Boaster
95%
Masters Copenhgen FNATIC Boaster
95%
Masters Tokyo FNATIC Derke
95%
Masters Reykjavík 2021 FNATIC Derke
94%
Champions 2021 FNATIC Derke
94%
LOCK//IN FNATIC Derke
94%
Masters Bangkok Team Vitality Derke
94%
Masters Tokyo Paper Rex Jinggg
94%
Masters Tokyo Team Liquid nAts
94%
Masters Tokyo LOUD aspas
93%
Champions 2022 FNATIC Derke
93%
Masters Berlin Paper Rex f0rsakeN
93%
Masters Reykjavík 2022 Paper Rex f0rsakeN
93%
Masters Berlin ENVY FNS
93%
Masters Reykjavík 2022 OpTic Gaming FNS
93%
Masters Copenhgen OpTic Gaming FNS
93%
Champions 2022 Paper Rex Jinggg
93%
Champions 2024 Paper Rex Jinggg
93%
LOCK//IN NRG Esports s0m
93%
Masters Reykjavík 2021 Team Vikings Sacy
93%
Masters Reykjavík 2022 LOUD Sacy
93%
Masters Copenhgen LOUD Sacy
93%
Masters Reykjavík 2021 Sentinels TenZ
93%
Masters Madrid Sentinels Zellsis
93%
Masters Copenhgen FNATIC Derke
92%
Champions 2022 Paper Rex f0rsakeN
92%
LOCK//IN Paper Rex f0rsakeN
92%
Champions 2024 Paper Rex f0rsakeN
92%
Champions 2022 OpTic Gaming FNS
92%
Masters Tokyo NRG Esports FNS
92%
Masters Copenhgen Paper Rex Jinggg
92%
Masters Copenhgen Guild Esports Leo
92%
Champions 2021 Team Vikings Sacy
92%
Champions 2024 Sentinels Sacy
92%
Champions 2021 Envy yay
92%
LOCK//IN Cloud9 yay
92%
Masters Shanghai LEVIATÁN aspas
91%
LOCK//IN Team Heretics Boo
91%
Champions 2024 Team Heretics Boo
91%
Masters Berlin Gambit Chronicle
91%
Masters Tokyo FNATIC Chronicle
91%
Champions 2024 FNATIC Chronicle
91%
Champions 2023 Paper Rex f0rsakeN
91%
Champions 2021 Envy FNS
91%
Masters Tokyo FNATIC Leo
91%
Champions 2023 FNATIC Leo
91%
Masters Berlin Gambit nAts
91%
Champions 2021 Gambit nAts
91%
Champions 2023 Team Liquid nAts
91%
Masters Tokyo NRG Esports s0m
91%
Champions 2023 NRG Esports s0m
91%
Masters Bangkok Sentinels Zellsis
91%
Champions 2022 LOUD aspas
90%
Masters Tokyo FNATIC Boaster
90%
Champions 2021 Envy crashies
90%
Champions 2022 OpTic Gaming crashies
90%
Champions 2023 NRG Esports crashies
90%
Masters Shanghai FNATIC Derke
90%
Masters Copenhgen Paper Rex f0rsakeN
90%
Masters Shanghai Paper Rex Jinggg
90%
Masters Berlin Paper Rex mindfreak
90%
Masters Tokyo Paper Rex mindfreak
90%
Champions 2023 Paper Rex mindfreak
90%
Masters Shanghai Paper Rex mindfreak
90%
Champions 2024 Paper Rex mindfreak
90%
Masters Madrid Team Heretics MiniBoo
90%
Champions 2024 Team Heretics MiniBoo
90%
Champions 2021 Sentinels TenZ
90%
Masters Reykjavík 2022 LOUD aspas
89%
Masters Reykjavík 2022 FNATIC Boaster
89%
LOCK//IN Evil Geniuses C0M
89%
Champions 2024 LEVIATÁN C0M
89%
Masters Berlin ENVY crashies
89%
Masters Madrid Paper Rex d4v41
89%
Champions 2023 Evil Geniuses Demon1
89%
Champions 2023 Paper Rex Jinggg
89%
Masters Copenhgen Paper Rex mindfreak
89%
Masters Madrid Paper Rex mindfreak
89%
LOCK//IN Team Liquid nAts
89%
Masters Bangkok Team Liquid nAts
89%
Masters Madrid Sentinels Sacy
89%
Champions 2023 Paper Rex something
89%
Masters Berlin ENVY yay
89%
Masters Madrid Sentinels zekken
89%
Masters Berlin Vision Strikers BuZz
88%
Masters Reykjavík 2022 DRX BuZz
88%
Masters Copenhgen DRX BuZz
88%
Champions 2022 DRX BuZz
88%
Masters Bangkok T1 BuZz
88%
Champions 2023 FNATIC Chronicle
88%
Masters Reykjavík 2022 OpTic Gaming crashies
88%
Masters Berlin Paper Rex d4v41
88%
Champions 2023 Paper Rex d4v41
88%
Masters Shanghai Paper Rex d4v41
88%
Champions 2023 NRG Esports FNS
88%
LOCK//IN Evil Geniuses jawgemo
88%
Masters Reykjavík 2022 Paper Rex Jinggg
88%
LOCK//IN Paper Rex Jinggg
88%
LOCK//IN FNATIC Leo
88%
Masters Shanghai FNATIC Leo
88%
Masters Shanghai Paper Rex something
88%
Champions 2024 Paper Rex something
88%
Masters Reykjavík 2022 The Guard trent
88%
Masters Shanghai G2 Esports Trent
88%
Masters Bangkok G2 Esports Trent
88%
Masters Copenhgen LOUD aspas
87%
Champions 2023 LOUD aspas
87%
LOCK//IN 100 Thieves Asuna
87%
Champions 2022 FNATIC Boaster
87%
LOCK//IN FNATIC Boaster
87%
Champions 2023 FNATIC Boaster
87%
Champions 2024 FNATIC Boaster
87%
LOCK//IN Evil Geniuses Boostio
87%
Masters Tokyo DRX BuZz
87%
Champions 2023 DRX BuZz
87%
Masters Tokyo Evil Geniuses C0M
87%
Champions 2023 Evil Geniuses C0M
87%
Masters Shanghai LEVIATÁN C0M
87%
Masters Copenhgen OpTic Gaming crashies
87%
Masters Tokyo NRG Esports crashies
87%
Champions 2023 FNATIC Derke
87%
Champions 2024 FNATIC Derke
87%
Masters Madrid LOUD Less
87%
Masters Reykjavík 2022 Paper Rex mindfreak
87%
Champions 2022 Paper Rex mindfreak
87%
LOCK//IN Paper Rex mindfreak
87%
Champions 2021 Envy Victor
87%
Masters Copenhgen OpTic Gaming yay
87%
Champions 2022 XSET zekken
87%
Champions 2024 Sentinels Zellsis
87%
Champions 2024 FNATIC Alfajer
86%
Champions 2024 LEVIATÁN aspas
86%
Masters Berlin 101 Thieves Asuna
86%
LOCK//IN T1 ban
86%
Masters Shanghai FNATIC Boaster
86%
Masters Tokyo Evil Geniuses Boostio
86%
Champions 2023 Evil Geniuses Boostio
86%
Champions 2021 Vision Strikers BuZz
86%
Champions 2024 DRX BuZz
86%
Masters Shanghai FNATIC Chronicle
86%
Masters Tokyo Paper Rex d4v41
86%
Masters Tokyo Paper Rex f0rsakeN
86%
Masters Madrid Paper Rex f0rsakeN
86%
LOCK//IN NRG Esports FNS
86%
Champions 2023 Evil Geniuses jawgemo
86%
Masters Shanghai G2 Esports JonahP
86%
Champions 2024 G2 Esports JonahP
86%
Masters Bangkok G2 Esports JonahP
86%
Champions 2024 G2 Esports leaf
86%
Masters Reykjavík 2022 LOUD Less
86%
Masters Berlin Vision Strikers MaKo
86%
Masters Reykjavík 2022 DRX MaKo
86%
Masters Copenhgen DRX MaKo
86%
LOCK//IN DRX MaKo
86%
Masters Tokyo DRX MaKo
86%
Champions 2023 DRX MaKo
86%
LOCK//IN Sentinels pANcada
86%
LOCK//IN LOUD saadhak
86%
Masters Tokyo LOUD saadhak
86%
LOCK//IN Sentinels Sacy
86%
Champions 2023 Team Liquid Sayf
86%
Masters Reykjavík 2021 Sentinels ShahZaM
86%
Masters Berlin Sentinels ShahZaM
86%
Champions 2021 Sentinels ShahZaM
86%
Champions 2024 G2 Esports valyn
86%
Masters Berlin ENVY Victor
86%
Champions 2022 FNATIC Alfajer
85%
LOCK//IN FNATIC Alfajer
85%
Masters Tokyo FNATIC Alfajer
85%
Masters Tokyo NRG Esports ardiis
85%
Champions 2023 NRG Esports ardiis
85%
LOCK//IN LOUD aspas
85%
Masters Madrid Team Heretics Boo
85%
LOCK//IN NRG Esports crashies
85%
Champions 2024 Paper Rex d4v41
85%
Masters Berlin 104 Thieves Ethan
85%
Masters Shanghai Paper Rex f0rsakeN
85%
Masters Madrid Sentinels johnqt
85%
LOCK//IN Cloud9 leaf
85%
Masters Bangkok EDward Gaming S1Mon
85%
Champions 2023 LOUD saadhak
85%
Champions 2021 Team Liquid ScreaM
85%
Masters Reykjavík 2022 OpTic Gaming yay
85%
LOCK//IN Sentinels zekken
85%
Champions 2024 Sentinels zekken
85%
Masters Bangkok Sentinels zekken
85%
LOCK//IN Cloud9 Zellsis
85%
Champions 2023 FNATIC Alfajer
84%
Masters Tokyo Natus Vincere ANGE1
84%
Masters Tokyo T1 ban
84%
Masters Shanghai 100 Thieves bang
84%
Masters Shanghai Team Heretics Boo
84%
Masters Shanghai 100 Thieves Boostio
84%
Champions 2021 Gambit Chronicle
84%
Masters Reykjavík 2022 Paper Rex d4v41
84%
LOCK//IN Paper Rex d4v41
84%
LOCK//IN Evil Geniuses Ethan
84%
Masters Tokyo Evil Geniuses jawgemo
84%
LOCK//IN LOUD Less
84%
Masters Madrid GenG Meteor
84%
Champions 2024 GenG Meteor
84%
Masters Bangkok T1 Meteor
84%
Champions 2022 LOUD Sacy
84%
Masters Berlin Sentinels SicK
84%
Masters Madrid Paper Rex something
84%
Champions 2024 G2 Esports Trent
84%
Champions 2022 OpTic Gaming yay
84%
Masters Reykjavík 2021 Version1 Zellsis
84%
Masters Tokyo EDward Gaming ZmjjKK
84%
Masters Copenhgen FNATIC Alfajer
83%
Masters Bangkok Sentinels bang
83%
Champions 2023 EDward Gaming CHICHOO
83%
Champions 2024 EDward Gaming CHICHOO
83%
LOCK//IN FNATIC Chronicle
83%
Masters Berlin Acend cNed
83%
Masters Shanghai FUT Esports cNed
83%
Masters Reykjavík 2021 NUTURN Lakia
83%
Masters Berlin Vision Strikers Lakia
83%
Champions 2021 Vision Strikers Lakia
83%
Masters Bangkok G2 Esports leaf
83%
Champions 2024 DRX MaKo
83%
Masters Bangkok DRX MaKo
83%
Champions 2022 OpTic Gaming Marved
83%
Masters Copenhgen Northeption Meteor
83%
Masters Shanghai GenG Meteor
83%
Masters Bangkok EDward Gaming nobody
83%
Champions 2021 X10 Crit Patiphan
83%
Masters Reykjavík 2021 Team Vikings saadhak
83%
Champions 2022 LOUD saadhak
83%
Masters Madrid LOUD saadhak
83%
Masters Tokyo Team Liquid Sayf
83%
Masters Reykjavík 2021 Team Liquid ScreaM
83%
Masters Berlin Vision Strikers stax
83%
Champions 2021 Vision Strikers stax
83%
Champions 2022 DRX stax
83%
Champions 2023 LOUD tuyz
83%
Masters Madrid LOUD tuyz
83%
Masters Reykjavík 2022 OpTic Gaming Victor
83%
Masters Copenhgen OpTic Gaming Victor
83%
Masters Tokyo NRG Esports Victor
83%
Champions 2022 EDward Gaming ZmjjKK
83%
Champions 2024 EDward Gaming ZmjjKK
83%
Masters Bangkok EDward Gaming ZmjjKK
83%
Champions 2022 FunPlus Phoenix ardiis
82%
Champions 2022 EDward Gaming CHICHOO
82%
Masters Tokyo EDward Gaming CHICHOO
82%
Masters Bangkok EDward Gaming CHICHOO
82%
Masters Tokyo Natus Vincere cNed
82%
Masters Shanghai 100 Thieves Cryocells
82%
Masters Copenhgen Paper Rex d4v41
82%
Masters Bangkok G2 Esports jawgemo
82%
Champions 2021 Cloud9 leaf
82%
Champions 2021 FURIA mazin
82%
LOCK//IN FURIA mazin
82%
Masters Tokyo EDward Gaming nobody
82%
Champions 2023 EDward Gaming nobody
82%
Masters Shanghai EDward Gaming nobody
82%
Masters Copenhgen LOUD pANcada
82%
Champions 2022 LOUD pANcada
82%
LOCK//IN Karmine Corp ScreaM
82%
Masters Copenhgen DRX stax
82%
Champions 2023 DRX stax
82%
Masters Shanghai G2 Esports valyn
82%
Masters Bangkok G2 Esports valyn
82%
Masters Copenhgen FunPlus Phoenix ANGE1
81%
Masters Shanghai 100 Thieves Asuna
81%
Champions 2023 T1 ban
81%
Champions 2024 Talon Esports ban
81%
Champions 2022 XSET Cryocells
81%
Champions 2022 Paper Rex d4v41
81%
Masters Tokyo Evil Geniuses Demon1
81%
Masters Copenhgen KRÜ Esports keznit
81%
Masters Shanghai GenG Lakia
81%
Masters Bangkok Team Vitality Less
81%
Champions 2021 Vision Strikers MaKo
81%
Champions 2022 DRX MaKo
81%
Masters Copenhgen OpTic Gaming Marved
81%
Champions 2022 FURIA mazin
81%
Champions 2022 EDward Gaming nobody
81%
Champions 2024 EDward Gaming nobody
81%
Masters Reykjavík 2022 LOUD pANcada
81%
Masters Bangkok Team Liquid paTiTek
81%
Champions 2024 Team Heretics RieNs
81%
Masters Bangkok Team Vitality Sayf
81%
Masters Reykjavík 2022 Team Liquid ScreaM
81%
Masters Reykjavík 2021 Sentinels SicK
81%
LOCK//IN DRX stax
81%
LOCK//IN NRG Esports Victor
81%
Champions 2023 NRG Esports Victor
81%
Champions 2024 Team Heretics wo0t
81%
Masters Copenhgen XSET zekken
81%
LOCK//IN EDward Gaming ZmjjKK
81%
Champions 2023 EDward Gaming ZmjjKK
81%
Masters Berlin Sentinels zombs
81%
Champions 2021 Sentinels zombs
81%
Champions 2024 Team Heretics benjyfishy
80%
Masters Madrid EDward Gaming CHICHOO
80%
LOCK//IN 100 Thieves Cryocells
80%
Masters Reykjavík 2021 Team Liquid Jamppi
80%
Champions 2021 Team Liquid Jamppi
80%
Masters Reykjavík 2022 Team Liquid Jamppi
80%
Masters Tokyo Team Liquid Jamppi
80%
Champions 2024 Sentinels johnqt
80%
Masters Berlin KRÜ Esports keznit
80%
Masters Reykjavík 2022 KRÜ Esports keznit
80%
Champions 2023 KRÜ Esports keznit
80%
Masters Madrid Karmine Corp N4RRATE
80%
Masters Bangkok Sentinels N4RRATE
80%
LOCK//IN EDward Gaming nobody
80%
Champions 2024 EDward Gaming S1Mon
80%
Masters Reykjavík 2022 LOUD saadhak
80%
Champions 2024 Team Vitality Sayf
80%
Champions 2022 Team Liquid ScreaM
80%
LOCK//IN Natus Vincere SUYGETSU
80%
Champions 2023 Natus Vincere ANGE1
79%
Masters Copenhgen FunPlus Phoenix ardiis
79%
Champions 2022 100 Thieves bang
79%
Masters Copenhgen Paper Rex Benkai
79%
LOCK//IN DRX BuZz
79%
Masters Reykjavík 2022 Ninjas in Pajamas cauanzin
79%
LOCK//IN LOUD cauanzin
79%
Masters Tokyo LOUD cauanzin
79%
Masters Shanghai EDward Gaming CHICHOO
79%
Champions 2021 Acend cNed
79%
LOCK//IN Natus Vincere cNed
79%
Masters Shanghai G2 Esports icy
79%
LOCK//IN LEVIATÁN kiNgg
79%
Champions 2024 LEVIATÁN kiNgg
79%
Masters Shanghai G2 Esports leaf
79%
Masters Copenhgen LOUD Less
79%
Masters Tokyo LOUD Less
79%
Masters Berlin ENVY Marved
79%
LOCK//IN Global Esports t3xture
79%
Masters Madrid GenG t3xture
79%
Champions 2024 GenG t3xture
79%
Masters Tokyo LOUD tuyz
79%
Champions 2022 OpTic Gaming Victor
79%
LOCK//IN Natus Vincere ANGE1
78%
Champions 2022 100 Thieves Asuna
78%
LOCK//IN Paper Rex Benkai
78%
Champions 2023 Evil Geniuses Ethan
78%
LOCK//IN Team Liquid Jamppi
78%
Masters Reykjavík 2022 The Guard JonahP
78%
Masters Madrid GenG Lakia
78%
Champions 2023 LOUD Less
78%
Masters Berlin KRÜ Esports Mazino
78%
Champions 2024 LEVIATÁN Mazino
78%
Masters Copenhgen LOUD saadhak
78%
Champions 2021 Sentinels SicK
78%
Champions 2022 FunPlus Phoenix SUYGETSU
78%
Masters Tokyo Natus Vincere SUYGETSU
78%
Masters Reykjavík 2022 The Guard valyn
78%
Masters Madrid EDward Gaming ZmjjKK
78%
LOCK//IN NRG Esports ardiis
77%
LOCK//IN 100 Thieves bang
77%
LOCK//IN EDward Gaming CHICHOO
77%
Champions 2022 LEVIATÁN kiNgg
77%
Champions 2022 LOUD Less
77%
Masters Copenhgen KRÜ Esports Mazino
77%
Champions 2024 GenG Munchkin
77%
Masters Reykjavík 2021 X10 Esports Patiphan
77%
Masters Madrid Team Heretics paTiTek
77%
Masters Copenhgen Guild Esports Sayf
77%
LOCK//IN Team Liquid Sayf
77%
Masters Tokyo DRX stax
77%
Masters Bangkok T1 stax
77%
Champions 2024 LEVIATÁN tex
77%
Masters Shanghai EDward Gaming ZmjjKK
77%
Masters Shanghai FNATIC Alfajer
76%
Masters Shanghai Team Heretics benjyfishy
76%
Champions 2023 LOUD cauanzin
76%
Masters Madrid LOUD cauanzin
76%
Champions 2023 Natus Vincere cNed
76%
Champions 2023 ZETA DIVISION Dep
76%
Masters Tokyo Evil Geniuses Ethan
76%
Masters Bangkok Sentinels johnqt
76%
Champions 2024 GenG Karon
76%
Champions 2021 KRÜ Esports keznit
76%
Champions 2021 Envy Marved
76%
Masters Reykjavík 2022 OpTic Gaming Marved
76%
Masters Reykjavík 2021 KRÜ Esports Mazino
76%
LOCK//IN GenG Meteor
76%
Masters Reykjavík 2021 Crazy Raccoon Munchkin
76%
Masters Madrid EDward Gaming nobody
76%
Masters Shanghai Team Heretics RieNs
76%
Champions 2021 Team Vikings saadhak
76%
Masters Tokyo EDward Gaming Smoggy
76%
Champions 2023 EDward Gaming Smoggy
76%
Champions 2024 EDward Gaming Smoggy
76%
Masters Reykjavík 2022 DRX stax
76%
Masters Shanghai LEVIATÁN tex
76%
LOCK//IN LOUD tuyz
76%
Masters Shanghai Team Heretics Wo0t
76%
Masters Madrid Team Heretics benjyfishy
75%
Masters Berlin Paper Rex Benkai
75%
Champions 2024 FUT Esports cNed
75%
Masters Berlin Sentinels dapr
75%
Champions 2021 Sentinels dapr
75%
Champions 2023 Team Liquid Jamppi
75%
Masters Shanghai GenG Karon
75%
Champions 2021 KRÜ Esports Mazino
75%
Champions 2022 KRÜ Esports Mazino
75%
Masters Berlin Gambit Redgar
75%
Masters Tokyo Team Liquid Redgar
75%
Champions 2022 EDward Gaming Smoggy
75%
Masters Shanghai EDward Gaming Smoggy
75%
Champions 2024 Team Vitality trexx
75%
Champions 2022 FunPlus Phoenix ANGE1
74%
LOCK//IN ZETA DIVISION Dep
74%
Champions 2022 EDward Gaming Haodong
74%
Champions 2024 G2 Esports icy
74%
Masters Copenhgen LEVIATÁN kiNgg
74%
Masters Shanghai LEVIATÁN kiNgg
74%
Champions 2024 GenG Lakia
74%
Masters Reykjavík 2022 KRÜ Esports Mazino
74%
LOCK//IN T1 Munchkin
74%
Champions 2022 Team Liquid Nivera
74%
Champions 2023 Team Liquid Redgar
74%
Champions 2023 Natus Vincere SUYGETSU
74%
Masters Reykjavík 2021 Sentinels zombs
74%
Masters Copenhgen XSET Cryocells
73%
Masters Reykjavík 2021 Sentinels dapr
73%
Masters Tokyo EDward Gaming Haodong
73%
Champions 2023 EDward Gaming Haodong
73%
Masters Shanghai EDward Gaming Haodong
73%
Champions 2021 Team Liquid Nivera
73%
Masters Shanghai Team Heretics paTiTek
73%
Masters Shanghai GenG t3xture
73%
Masters Tokyo Natus Vincere Zyppan
73%
Champions 2024 DRX Flashback
72%
Champions 2024 DRX Foxy9
72%
Champions 2022 KRÜ Esports keznit
72%
Masters Reykjavík 2022 ZETA DIVISION Laz
72%
Champions 2023 ZETA DIVISION Laz
72%
Masters Copenhgen FunPlus Phoenix Shao
72%
Champions 2021 Gambit sheydos
72%
LOCK//IN KOI sheydos
72%
Masters Madrid EDward Gaming Smoggy
72%
Masters Copenhgen FunPlus Phoenix SUYGETSU
72%
LOCK//IN KOI trexx
72%
Masters Reykjavík 2022 Paper Rex Benkai
71%
Champions 2022 Paper Rex Benkai
71%
Masters Reykjavík 2022 ZETA DIVISION Dep
71%
Champions 2024 KRÜ Esports heat
71%
Champions 2022 Team Liquid Jamppi
71%
Masters Bangkok Team Liquid Keiko
71%
Champions 2024 KRÜ Esports keznit
71%
Champions 2024 Team Vitality Kicks
71%
Masters Berlin ZETA DIVISION Laz
71%
LOCK//IN ZETA DIVISION Laz
71%
Champions 2021 FNATIC MAGNUM
71%
Champions 2021 FNATIC Mistic
71%
Champions 2022 FNATIC Mistic
71%
LOCK//IN Global Esports Monyet
71%
Masters Madrid Paper Rex Monyet
71%
Masters Berlin Vision Strikers Rb
71%
Masters Copenhgen DRX Rb
71%
Champions 2023 DRX Rb
71%
Champions 2021 Gambit Redgar
71%
Masters Madrid Team Heretics RieNs
71%
Masters Tokyo Natus Vincere Shao
71%
Champions 2023 Natus Vincere Shao
71%
Masters Copenhgen FunPlus Phoenix Zyppan
71%
Masters Bangkok T1 carpe
70%
Masters Reykjavík 2021 FNATIC MAGNUM
70%
Masters Shanghai LEVIATÁN Mazino
70%
Masters Reykjavík 2021 FNATIC Mistic
70%
Masters Madrid GenG Munchkin
70%
Masters Reykjavík 2022 The Guard neT
70%
Masters Reykjavík 2022 DRX Rb
70%
LOCK//IN DRX Rb
70%
Champions 2023 T1 Sayaplayer
70%
Champions 2021 Team Liquid soulcas
70%
LOCK//IN Team Liquid soulcas
70%
Masters Tokyo Team Liquid soulcas
70%
Champions 2023 T1 carpe
69%
Champions 2022 ZETA DIVISION Dep
69%
LOCK//IN MIBR heat
69%
Masters Madrid GenG Karon
69%
Champions 2022 ZETA DIVISION Laz
69%
Masters Reykjavík 2022 FNATIC MAGNUM
69%
Masters Madrid Karmine Corp Magnum
69%
LOCK//IN LEVIATÁN Mazino
69%
Masters Reykjavík 2022 FNATIC Mistic
69%
Masters Berlin Crazy Raccoon Munchkin
69%
Masters Shanghai GenG Munchkin
69%
Masters Tokyo T1 Sayaplayer
69%
Champions 2022 FunPlus Phoenix Shao
69%
Masters Reykjavík 2022 Team Liquid soulcas
69%
Champions 2022 Team Liquid soulcas
69%
Masters Copenhgen Guild Esports trexx
69%
Masters Bangkok Team Vitality trexx
69%
Champions 2023 Natus Vincere Zyppan
69%
Masters Madrid EDward Gaming Haodong
68%
Champions 2021 Vivo Keyd heat
68%
Champions 2024 FNATIC hiro
68%
Masters Bangkok Team Vitality Kicks
68%
Masters Tokyo T1 Munchkin
68%
Champions 2024 Talon Esports primmie
68%
Masters Reykjavík 2022 The Guard Sayaplayer
68%
LOCK//IN EDward Gaming Smoggy
68%
Masters Bangkok EDward Gaming Smoggy
68%
LOCK//IN FUT Esports AtaKaptan
67%
Masters Reykjavík 2021 X10 Esports Crws
67%
Masters Bangkok DRX Flashback
67%
Champions 2024 Talon Esports Governor
67%
Masters Shanghai T1 iZu
67%
Masters Bangkok T1 iZu
67%
Champions 2021 Crazy Raccoon Munchkin
67%
Champions 2023 T1 Munchkin
67%
Masters Reykjavík 2022 Team Liquid Nivera
67%
LOCK//IN Team Liquid Redgar
67%
LOCK//IN Natus Vincere Shao
67%
Masters Berlin Gambit sheydos
67%
Masters Reykjavík 2022 XERXIA Esports Crws
66%
Masters Berlin 100 Thieves Hiko
66%
Masters Bangkok Team Liquid kamyk
66%
LOCK//IN FUT Esports MrFaliN
66%
LOCK//IN Karmine Corp Nivera
66%
Masters Shanghai T1 Sayaplayer
66%
Masters Reykjavík 2022 ZETA DIVISION SugarZ3ro
66%
Champions 2021 Cloud9 Xeppaa
66%
LOCK//IN Natus Vincere Zyppan
66%
Champions 2023 FUT Esports AtaKaptan
65%
Champions 2022 XSET BcJ
65%
Champions 2022 XERXIA Esports Crws
65%
Masters Tokyo DRX Foxy9
65%
LOCK//IN EDward Gaming Haodong
65%
Champions 2024 FUT Esports MrFaliN
65%
LOCK//IN T1 Sayaplayer
65%
Masters Reykjavík 2021 Team Liquid soulcas
65%
Champions 2022 FunPlus Phoenix Zyppan
65%
Masters Tokyo FUT Esports AtaKaptan
64%
LOCK//IN Evil Geniuses BcJ
64%
LOCK//IN T1 carpe
64%
Masters Shanghai T1 carpe
64%
Champions 2022 XSET dephh
64%
Masters Reykjavík 2022 FNATIC Enzo (Fearoth)
64%
Champions 2021 Team Secret JessieVash
64%
Masters Copenhgen LEVIATÁN Melser
64%
Champions 2022 LEVIATÁN Melser
64%
Champions 2022 DRX Rb
64%
Masters Tokyo DRX Rb
64%
Champions 2023 Team Liquid soulcas
64%
Masters Reykjavík 2022 DRX Zest
64%
Champions 2022 DRX Zest
64%
Masters Tokyo T1 Zest
64%
Champions 2021 Gambit d3ffo
63%
Masters Berlin Vivo Keyd heat
63%
Masters Bangkok DRX HYUNMIN
63%
Champions 2024 FunPlus Phoenix Life
63%
Masters Berlin G2 Esports Mixwell
63%
Masters Reykjavík 2022 G2 Esports Mixwell
63%
LOCK//IN Team Heretics Mixwell
63%
LOCK//IN LEVIATÁN Shyy
63%
Champions 2024 KRÜ Esports Shyy
63%
Masters Reykjavík 2021 Version1 vanity
63%
LOCK//IN Cloud9 vanity
63%
Masters Shanghai FUT Esports AtaKaptan
62%
Masters Copenhgen XSET BcJ
62%
Masters Copenhgen XERXIA Esports Crws
62%
LOCK//IN Team Secret JessieVash
62%
Masters Copenhgen FNATIC Mistic
62%
Masters Tokyo FUT Esports MrFalin
62%
Champions 2023 FUT Esports MrFalin
62%
Masters Madrid LOUD Quick
62%
Champions 2021 Vision Strikers Rb
62%
Champions 2022 ZETA DIVISION SugarZ3ro
62%
Champions 2023 ZETA DIVISION SugarZ3ro
62%
Masters Bangkok T1 Sylvan
62%
Masters Copenhgen DRX Zest
62%
Masters Bangkok DRX BeYn
61%
Champions 2024 Talon Esports Crws
61%
Masters Shanghai 100 Thieves eeiu
61%
Masters Bangkok Team Liquid kamo
61%
Champions 2024 KRÜ Esports Melser
61%
Champions 2024 FUT Esports AtaKaptan
60%
Champions 2021 Acend BONECOLD
60%
Masters Tokyo T1 carpe
60%
Champions 2021 X10 Crit Crws
60%
Masters Berlin Gambit d3ffo
60%
LOCK//IN Sentinels dephh
60%
Champions 2022 100 Thieves Derrek
60%
LOCK//IN 100 Thieves Derrek
60%
Masters Bangkok DRX free1ng
60%
LOCK//IN KRÜ Esports Melser
60%
Champions 2021 FURIA Quick
60%
LOCK//IN ZETA DIVISION SugarZ3ro
60%
Champions 2021 Cloud9 vanity
60%
LOCK//IN Cloud9 Xeppaa
60%
Champions 2024 DRX BeYN
59%
LOCK//IN Talon Esports crws
59%
Champions 2024 FUT Esports qRaxs
59%
Champions 2022 FURIA Quick
59%
Masters Berlin Acend zeek
59%
Champions 2023 DRX Zest
59%
Masters Tokyo Paper Rex cgrs
58%
Masters Shanghai FUT Esports MrFalin
58%
Masters Tokyo FUT Esports qRaxs
58%
Champions 2023 FUT Esports qRaxs
58%
Champions 2024 Team Vitality runneR
58%
Champions 2022 LEVIATÁN Shyy
58%
Masters Shanghai FUT Esports yetujey
58%
Champions 2023 FunPlus Phoenix BerLIN
57%
Masters Madrid FunPlus Phoenix BerLIN
57%
LOCK//IN Team Vitality BONECOLD
57%
LOCK//IN Giants Gaming Cloud
57%
Masters Copenhgen XSET dephh
57%
Champions 2022 EDward Gaming Life
57%
Masters Madrid Karmine Corp marteen
57%
Champions 2023 KRÜ Esports Melser
57%
Masters Copenhgen LEVIATÁN Shyy
57%
Champions 2022 100 Thieves Stellar
57%
Champions 2023 Bilibili Gaming whzy
57%
Champions 2024 Bilibili Gaming whzy
57%
Champions 2024 FUT Esports yetujey
57%
LOCK//IN Team Heretics zeek
57%
LOCK//IN DRX Zest
57%
LOCK//IN FunPlus Phoenix BerLIN
56%
Masters Shanghai FunPlus Phoenix BerLIN
56%
Champions 2024 FunPlus Phoenix BerLIN
56%
Masters Berlin Acend BONECOLD
56%
Masters Copenhgen FNATIC Enzo
56%
Masters Tokyo Attacking Soul Esports Life
56%
Masters Berlin G2 Esports nukkye
56%
Champions 2023 Giants Gaming nukkye
56%
Masters Madrid Karmine Corp Sh1n
56%
Champions 2023 Giants Gaming Cloud
55%
LOCK//IN FURIA dgzin
55%
Masters Reykjavík 2021 FNATIC doma
55%
Champions 2021 Team Liquid L1NK
55%
Masters Madrid FunPlus Phoenix Life
55%
LOCK//IN FUT Esports qRaxs
55%
LOCK//IN Karmine Corp Sh1n
55%
Champions 2022 FURIA dgzin
54%
Champions 2022 FNATIC Enzo
54%
Masters Reykjavík 2021 Team Liquid L1NK
54%
Masters Shanghai FunPlus Phoenix Life
54%
Masters Reykjavík 2021 Version1 penny
54%
LOCK//IN 100 Thieves Stellar
54%
LOCK//IN Talon Esports Sushiboys
54%
Champions 2021 Acend zeek
54%
LOCK//IN Team Secret invy
53%
Masters Bangkok Trace Esports Kai
53%
Masters Shanghai FUT Esports qRaxs
53%
Masters Reykjavík 2022 XERXIA Esports Sushiboys
53%
Masters Berlin G2 Esports AvovA
52%
LOCK//IN Talon Esports JitBoyS
52%
Champions 2024 Bilibili Gaming Knight
52%
LOCK//IN Giants Gaming nukkye
52%
LOCK//IN FURIA Quick
52%
Masters Shanghai T1 Rossy
52%
Masters Reykjavík 2021 X10 Esports Sushiboys
52%
LOCK//IN LEVIATÁN Tacolilla
52%
Masters Madrid Karmine Corp tomaszy
52%
Champions 2024 FunPlus Phoenix Autumn
51%
Champions 2024 Trace Esports Kai
51%
Champions 2023 Bilibili Gaming Knight
51%
Masters Reykjavík 2022 Team Liquid L1NK
51%
Masters Berlin Acend starxo
51%
Masters Shanghai FunPlus Phoenix Autumn
50%
LOCK//IN Team Heretics AvovA
50%
Masters Bangkok Trace Esports Biank
50%
Champions 2024 Trace Esports FengF
50%
Champions 2021 Vision Strikers k1Ng
50%
Champions 2021 Cloud9 mitch
50%
Masters Reykjavík 2022 G2 Esports nukkye
50%
LOCK//IN KOI starxo
50%
Masters Reykjavík 2022 G2 Esports AvovA
49%
Champions 2021 FURIA Khalil
49%
LOCK//IN FURIA Khalil
49%
Champions 2023 FunPlus Phoenix Lysoar
49%
Champions 2021 Acend starxo
49%
Champions 2022 LEVIATÁN adverso
48%
Champions 2024 Trace Esports Biank
48%
Champions 2021 FNATIC doma
48%
Champions 2024 Trace Esports heybay
48%
Champions 2022 FURIA Khalil
48%
Champions 2021 Acend Kiles
48%
Masters Copenhgen KRÜ Esports Klaus
48%
Champions 2021 Vivo Keyd mwzera
48%
Masters Copenhgen LEVIATÁN Tacolilla
48%
Masters Reykjavík 2022 ZETA DIVISION TENNN
48%
LOCK//IN Global Esports AYRIN
47%
Masters Berlin ZETA DIVISION crow
47%
Masters Reykjavík 2021 KRÜ Esports Klaus
47%
Masters Madrid FunPlus Phoenix Lysoar
47%
Champions 2021 X10 Crit Sushiboys
47%
LOCK//IN ZETA DIVISION TENNN
47%
Champions 2023 ZETA DIVISION TENNN
47%
Masters Copenhgen LEVIATÁN adverso
46%
Masters Copenhgen XSET AYRIN
46%
Masters Berlin Acend Kiles
46%
Masters Reykjavík 2022 KRÜ Esports Klaus
46%
Masters Berlin G2 Esports koldamenta
46%
LOCK//IN FURIA mwzera
46%
Masters Copenhgen XERXIA Esports Sushiboys
46%
Champions 2022 LEVIATÁN Tacolilla
46%
LOCK//IN Team Vitality Twisten
46%
Masters Madrid FunPlus Phoenix Autumn
45%
Champions 2022 XSET AYRIN
45%
LOCK//IN Team Vitality ceNder
45%
Champions 2022 ZETA DIVISION crow
45%
LOCK//IN KRÜ Esports DaveeyS
45%
LOCK//IN Giants Gaming Fit1nho
45%
Champions 2024 Talon Esports JitBoyS
45%
Champions 2023 KRÜ Esports Klaus
45%
Champions 2023 FUT Esports qw1
45%
Champions 2022 XERXIA Esports Sushiboys
45%
Masters Shanghai T1 xccurate
45%
LOCK//IN Karmine Corp xms
45%
Masters Shanghai FunPlus Phoenix AAAAY
44%
Masters Bangkok Trace Esports FengF
44%
Masters Bangkok Trace Esports heybay
44%
Masters Berlin Vision Strikers k1Ng
44%
Champions 2022 KRÜ Esports Klaus
44%
Masters Shanghai FunPlus Phoenix Lysoar
44%
LOCK//IN FUT Esports qw1
44%
Masters Tokyo FUT Esports qw1
44%
Masters Copenhgen XERXIA Esports sScary
44%
Champions 2022 XERXIA Esports sScary
44%
Masters Berlin 103 Thieves steel
44%
Masters Reykjavík 2022 XERXIA Esports Surf
44%
Masters Shanghai Dragon Ranger Gaming vo0kashu
44%
Champions 2023 KRÜ Esports DaveeyS
43%
LOCK//IN GenG k1Ng
43%
Masters Berlin KRÜ Esports Klaus
43%
Champions 2024 FunPlus Phoenix Lysoar
43%
Masters Reykjavík 2021 KRÜ Esports NagZ
43%
Masters Reykjavík 2022 KRÜ Esports NagZ
43%
Masters Copenhgen KRÜ Esports NagZ
43%
LOCK//IN Karmine Corp Newzera
43%
Masters Reykjavík 2021 X10 Esports sScary
43%
Champions 2021 X10 Crit sScary
43%
LOCK//IN Detonation FocusMe Suggest
43%
Champions 2022 XERXIA Esports Surf
43%
Champions 2022 100 Thieves Will
43%
LOCK//IN T1 xeta
43%
Champions 2024 Bilibili Gaming yosemite
43%
Champions 2023 Giants Gaming hoody
42%
LOCK//IN Team Secret Jremy
42%
Masters Berlin 102 Thieves nitr0
42%
LOCK//IN Global Esports SkRossi
42%
Masters Reykjavík 2022 XERXIA Esports sScary
42%
Masters Reykjavík 2021 NUTURN Suggest
42%
Champions 2022 ZETA DIVISION TENNN
42%
Masters Tokyo T1 xeta
42%
Masters Madrid FunPlus Phoenix AAAAY
41%
Masters Reykjavík 2022 ZETA DIVISION crow
41%
LOCK//IN Team Heretics keloqz
41%
Champions 2021 KRÜ Esports Klaus
41%
Masters Copenhgen Guild Esports koldamenta
41%
LOCK//IN LEVIATÁN nzr
41%
Champions 2023 Bilibili Gaming Biank
40%
Champions 2021 Team Vikings frz
40%
LOCK//IN Giants Gaming hoody
40%
Masters Berlin G2 Esports keloqz
40%
Masters Berlin KRÜ Esports NagZ
40%
Champions 2022 KRÜ Esports NagZ
40%
Champions 2022 FURIA nzr
40%
Champions 2021 Cloud9 xeta
40%
Champions 2023 T1 xeta
40%
Masters Berlin F4Q Bunny
39%
LOCK//IN ZETA DIVISION crow
39%
Champions 2022 BOOM Esports Famouz
39%
LOCK//IN KOI koldamenta
39%
Champions 2023 KRÜ Esports NagZ
39%
Champions 2023 Bilibili Gaming yosemite
39%
LOCK//IN FunPlus Phoenix AAAAY
38%
Champions 2024 Team Vitality ceNder
38%
Champions 2023 ZETA DIVISION crow
38%
Champions 2021 KRÜ Esports NagZ
38%
LOCK//IN KRÜ Esports NagZ
38%
Masters Copenhgen XERXIA Esports Surf
38%
Champions 2024 FunPlus Phoenix AAAAY
37%
Masters Berlin SuperMassive Blaze Brave
37%
Champions 2021 Team Secret DubsteP
37%
Masters Reykjavík 2022 G2 Esports hoody
37%
Champions 2024 Trace Esports LuoK1ng
37%
Champions 2021 FURIA nzr
37%
Masters Reykjavík 2021 NUTURN solo
37%
LOCK//IN BBL Esports Brave
36%
LOCK//IN Team Secret DubsteP
36%
Masters Reykjavík 2021 Version1 effys
36%
Champions 2023 Giants Gaming Fit1nho
36%
Masters Copenhgen XERXIA Esports foxz
36%
LOCK//IN Talon Esports foxz
36%
Champions 2024 Bilibili Gaming nephh
36%
Masters Berlin SuperMassive Blaze russ
36%
LOCK//IN RRQ xffero
36%
Champions 2023 FunPlus Phoenix AAAAY
35%
LOCK//IN MIBR frz
35%
Masters Bangkok Trace Esports LuoK1ng
35%
LOCK//IN FUT Esports MOJJ
35%
Masters Copenhgen Guild Esports Russ
35%
Champions 2022 BOOM Esports xffero (tehbotoL)
35%
Champions 2022 KRÜ Esports delz1k
34%
Masters Reykjavík 2022 XERXIA Esports foxz
34%
LOCK//IN BBL Esports QutionerX
34%
Masters Reykjavík 2021 KRÜ Esports delz1k
33%
Masters Copenhgen KRÜ Esports delz1k
33%
Masters Reykjavík 2021 Team Vikings frz
33%
Masters Tokyo Attacking Soul Esports hfmi0dzjc9z7
33%
Masters Shanghai Dragon Ranger Gaming TvirusLuke
33%
Champions 2021 FURIA xand
33%
Champions 2021 Team Secret BORKUM
32%
Masters Berlin KRÜ Esports delz1k
32%
LOCK//IN MIBR jzz
32%
LOCK//IN RRQ 2GE
31%
Champions 2022 Team Liquid dimasick
31%
Masters Reykjavík 2021 Team Liquid Kryptix
31%
Masters Reykjavík 2021 Sharks Esports light
31%
Champions 2023 FUT Esports MOJJ
31%
Champions 2024 KRÜ Esports mta
31%
Masters Berlin SuperMassive Blaze pAura
31%
LOCK//IN Team Secret BORKUM
30%
Masters Reykjavík 2022 KRÜ Esports delz1k
30%
Masters Reykjavík 2021 X10 Esports foxz
30%
Champions 2021 X10 Crit foxz
30%
Masters Reykjavík 2021 Crazy Raccoon Medusa
30%
Champions 2023 Giants Gaming rhyme
30%
LOCK//IN Team Vitality Destrian
29%
LOCK//IN RRQ fl1pzjder
29%
Masters Berlin Crazy Raccoon Medusa
29%
Masters Tokyo FUT Esports MOJJ
29%
Masters Shanghai Dragon Ranger Gaming Nicc
29%
Masters Berlin Paper Rex shiba
29%
Champions 2022 XERXIA Esports foxz
28%
LOCK//IN Team Vitality MOLSI
28%
Masters Berlin Vivo Keyd murizzz
28%
LOCK//IN Detonation FocusMe Anthem
27%
Masters Berlin Crazy Raccoon neth
27%
Champions 2021 Crazy Raccoon neth
27%
LOCK//IN Giants Gaming rhyme
27%
Champions 2023 Bilibili Gaming rin
27%
Masters Reykjavík 2022 Ninjas in Pajamas xand
27%
Champions 2021 KRÜ Esports delz1k
26%
LOCK//IN Talon Esports garnetS
26%
Masters Berlin SuperMassive Blaze Turko
26%
LOCK//IN KRÜ Esports xand
26%
LOCK//IN FunPlus Phoenix Yuicaw
26%
Champions 2022 BOOM Esports BerserX
25%
Masters Reykjavík 2022 FNATIC H1ber
25%
Champions 2021 Vivo Keyd murrizz
25%
Masters Copenhgen FunPlus Phoenix SEIDER
25%
LOCK//IN Detonation FocusMe Seoldam
25%
Masters Reykjavík 2021 Version1 jammyz
24%
LOCK//IN FunPlus Phoenix nizhaoTZH
24%
Masters Shanghai Dragon Ranger Gaming nizhaoTZH
24%
Masters Reykjavík 2021 NUTURN peri
24%
Champions 2021 Team Vikings sutecas
24%
LOCK//IN GenG TS
24%
LOCK//IN BBL Esports Turko
24%
LOCK//IN KOI Wolfen
24%
LOCK//IN RRQ Lmemore
23%
LOCK//IN MIBR murizzz
23%
Masters Berlin ZETA DIVISION takej
23%
Masters Reykjavík 2021 NUTURN allow
22%
LOCK//IN BBL Esports AsLanM4shadoW
22%
LOCK//IN GenG eKo
22%
Champions 2022 BOOM Esports fl1pzjder
22%
Champions 2022 BOOM Esports blaZek1ng
21%
Champions 2024 Bilibili Gaming Flex1n
21%
Champions 2021 Team Vikings gtn
21%
Masters Berlin SuperMassive Blaze Izzy
21%
Masters Copenhgen Northeption JoXJo
21%
Masters Reykjavík 2022 G2 Esports Meddo
21%
Masters Tokyo Attacking Soul Esports monk
21%
Masters Reykjavík 2021 Crazy Raccoon neth
21%
Champions 2023 FunPlus Phoenix nizhaoTZH
21%
LOCK//IN MIBR RgLMeister
21%
LOCK//IN Detonation FocusMe takej
21%
LOCK//IN Detonation FocusMe xnfri
21%
Champions 2021 Crazy Raccoon Bazzi
20%
Masters Reykjavík 2022 Ninjas in Pajamas bnj
20%
Champions 2021 Crazy Raccoon Medusa
20%
Masters Berlin Havan Liberty shion
20%
Masters Tokyo Attacking Soul Esports YHchen
20%
Masters Berlin ZETA DIVISION barce
19%
LOCK//IN Global Esports Bazzi
19%
Masters Reykjavík 2021 KRÜ Esports bnj
19%
Masters Tokyo Attacking Soul Esports bunt
19%
Champions 2021 Team Secret dispenser
19%
LOCK//IN RRQ EJAY
19%
LOCK//IN RRQ Emman
19%
Masters Berlin ZETA DIVISION Reita
19%
Champions 2023 FunPlus Phoenix Yuicaw
19%
LOCK//IN KRÜ Esports axeddy
18%
Masters Reykjavík 2021 Crazy Raccoon rion
18%
Masters Reykjavík 2022 Ninjas in Pajamas Jonn
17%
Masters Shanghai Dragon Ranger Gaming Shion7
17%
LOCK//IN BBL Esports SouhcNi
17%
Masters Reykjavík 2021 Team Vikings sutecas
17%
Masters Berlin Crazy Raccoon ade
16%
Masters Berlin Crazy Raccoon Bazzi
16%
Masters Berlin F4Q Efina
16%
Masters Berlin F4Q Esperanza
16%
Champions 2021 Vivo Keyd JhoW
16%
Masters Berlin F4Q zunba
16%
Masters Reykjavík 2021 Team Vikings gtn
15%
Champions 2021 Full Sense JohnOlsen
15%
Champions 2021 Full Sense SantaGolf (ChAlalala)
15%
Masters Copenhgen Northeption xnfri
15%
Masters Berlin Crazy Raccoon Fisker
14%
Masters Reykjavík 2021 Sharks Esports gaabxx
14%
Masters Berlin Havan Liberty liazzi
14%
Masters Berlin ZETA DIVISION makiba
14%
Champions 2021 Full Sense PTC
14%
LOCK//IN GenG Secret
14%
Champions 2021 Team Secret Witz
14%
Masters Reykjavík 2021 Sharks Esports deNaro
13%
Masters Berlin F4Q fiveK
13%
LOCK//IN Detonation FocusMe Reita
13%
Masters Copenhgen Northeption BlackWiz
12%
Champions 2021 Full Sense SuperBusS
12%
Champions 2021 Crazy Raccoon Fisker
11%
Masters Berlin Vivo Keyd v1xen
11%
LOCK//IN FunPlus Phoenix YuChEn
11%
Masters Reykjavík 2021 Crazy Raccoon zepher
11%
Masters Copenhgen Northeption Derialy
10%
Masters Reykjavík 2021 Sharks Esports fra
10%
Masters Berlin Vivo Keyd JhoW
10%
Champions 2021 Vivo Keyd v1xen
9%
Masters Reykjavík 2022 Ninjas in Pajamas bezn1
8%
Champions 2021 Full Sense LAMMYSNAX
8%
Champions 2021 Crazy Raccoon ade
7%
Masters Berlin Havan Liberty krain
7%
Masters Berlin Vivo Keyd ntk
7%
Masters Reykjavík 2021 Sharks Esports prozin
7%
Masters Berlin Havan Liberty Myssen
5%
Masters Berlin Havan Liberty pleets
4%
No matching quizzes found
Score Distribution
Percent of People with Each Score
Percentile by Number Answered
Your Score History
You have not taken this quiz since the last reset